000 00932cam a2200241 4500
001 ##L129958
008 050609n1991 000 0 eng u
020 _a9519620338
035 _a(Sirsi) u129958
041 0 _aeng
050 0 4 _a333.72 $2 18
110 2 _aFederation International Des Geometres
240 0 0 _aFIG statement on environmental issues
245 0 0 _aSustainable development
_ba challenge and a responsibility for surveyors
260 _aHelsinki
_bFIG
_c1991
300 _a21p.
_bill.
_c21cm.
490 0 _aFIG Publication
_v(3)
520 _aStatement setting out the importance of the surveying profession's global responsibility in promoting sustainable development
651 4 _aInternational
690 _aENVIRONMENTAL AND LAND CONSULTANCY-SUSTAINABILITY-SUSTAINABLE DEVELOPMENT
856 4 1 _uhttps://www.fig.net/pub/figpub/pubindex.htm
_zView the item free of charge at www.fig.net...
942 _n0
999 _c104315
_d104315